Clique maluco em matemática - Statistics

Estatísticas Gerais
  • Esse quiz foi jogado 1 107 vezes
  • A pontuação média é 15 de 30
Estatísticas das Respostas
Hint Resposta % Correto
1+1 2
99%
Qual é o maior número aqui 4
96%
3-1 2
90%
2+1 3
89%
4-2 2
83%
12/4 3
83%
3^1 3
81%
-4+6 2
80%
2(3-1) 4
78%
5/2,5 2
75%
9-8 1
74%
Raiz cúbica de 27 3
74%
2^0 1
72%
40/10 4
71%
2^2 4
68%
2/1 2
65%
(2^3)/(2^2) 2
64%
6(1/2) 3
38%
Raiz quadrada de 4 2
32%
48/24+2 4
27%
30-58/2 1
18%
56/8-4 3
11%
(-4)^2-15 1
9%
6/(4+2) 1
8%
(20-10)/5 2
7%
2x+4=10 calcule o valor de x 3
4%
Menor número natural 1
3%
2x+4=7x-1 calcule o valor de x 1
2%
2^2 4
2%
Quantos fatores positivos 6 tem? 4
1%
Nenhum quiz correspondente encontrado
Distribuição das Pontuações
Porcentagem de Pessoas com Cada Pontuação
Percentil de Números Respondidos
Sua Pontuação Histórica
Você não jogou esse quiz